Uloženo v:
Podrobná bibliografie
Médium: Text
Vydáno: México, D.F
Témata:
Tagy: Přidat tag
Žádné tagy, Buďte první, kdo vytvoří štítek k tomuto záznamu!

MARC

LEADER 00000 a a2200000 04500
001 26573
003
040
090 |a 149004  
260 |a México, D.F  
650 |a SOCIOLOGIA  
650 |a TEORIA SOCIAL  
650 |a SISTEMA SOCIAL  
650 |a CONSERVATISMO  
999 |c 15354  |d 15354